00385nam a2200157Ia 4500008004100000041000800041082001200049100001100061245004800072250001000120260004200130300001000172650001200182906001200194999002100206240830s1997 xx 000 0 und d aeng a617 BAI aBAILEY aBAILEY AND LOVES, SHORT PRACTICE OF SURGERY a22 ND aCALCATTAbELBS ENGLISH LANGUAGEc1997 a1041p aSURGERY aSURGERY c1196546d1196546